Mi lesz veled, Kárpátalja? - a kárpátaljai magyar fiatalság jelene és jövőképe egy felmérés tükrében [absztrakt] /

Elmentve itt :
Bibliográfiai részletek
Szerző: Izing Máté
Testületi szerző: Móra Országos Bölcsészettudományi Konferencia
Dokumentumtípus: Könyv része
Megjelent: 2016
Sorozat:Móra Országos Bölcsészettudományi Konferencia
Kulcsszavak:Kisebbség - magyar - Kárpátalja - előadáskivonat
Tárgyszavak:
Online Access:http://acta.bibl.u-szeged.hu/82787
LEADER 00961naa a2200229 i 4500
001 acta82787
005 20250429103724.0
008 231222s2016 hu o 100 hun d
040 |a SZTE Egyetemi Kiadványok Repozitórium  |b hun 
041 |a hun 
100 1 |a Izing Máté 
245 1 0 |a Mi lesz veled, Kárpátalja? - a kárpátaljai magyar fiatalság jelene és jövőképe egy felmérés tükrében   |h [elektronikus dokumentum] :  |b [absztrakt] /  |c  Izing Máté 
260 |c 2016 
300 |a 6 
490 0 |a Móra Országos Bölcsészettudományi Konferencia 
650 4 |a Társadalomtudományok 
650 4 |a Szociológia 
650 4 |a Bölcsészettudományok 
650 4 |a Történettudomány és régészet 
695 |a Kisebbség - magyar - Kárpátalja - előadáskivonat 
711 |a Móra Országos Bölcsészettudományi Konferencia  |c Szeged  |d 2016. november 25. 
856 4 0 |u http://acta.bibl.u-szeged.hu/82787/1/morakonf_2016_nov_006.pdf  |z Dokumentum-elérés